<?xml version="1.0" encoding="UTF-8"?><marc:collection xmlns:marc="http://www.loc.gov/MARC21/slim">
  <marc:record>
    <marc:leader>00000nam  2200000za 4500</marc:leader>
    <marc:controlfield tag="001">9.602042</marc:controlfield>
    <marc:controlfield tag="003">CaOODSP</marc:controlfield>
    <marc:controlfield tag="005">20250319161956</marc:controlfield>
    <marc:controlfield tag="007">cr |||||||||||</marc:controlfield>
    <marc:controlfield tag="008">150406s1999    onc    #o    f000 0 fre d</marc:controlfield>
    <marc:datafield tag="022" ind1=" " ind2=" ">
      <marc:subfield code="z">0-662-83942-0</marc:subfield>
    </marc:datafield>
    <marc:datafield tag="040" ind1=" " ind2=" ">
      <marc:subfield code="a">CaOODSP</marc:subfield>
      <marc:subfield code="b">fre</marc:subfield>
    </marc:datafield>
    <marc:datafield tag="043" ind1=" " ind2=" ">
      <marc:subfield code="a">n-cn---</marc:subfield>
    </marc:datafield>
    <marc:datafield tag="086" ind1="1" ind2=" ">
      <marc:subfield code="a">CW69-9/214F-PDF</marc:subfield>
      <marc:subfield code="z">CW69-9/214F</marc:subfield>
    </marc:datafield>
    <marc:datafield tag="100" ind1="1" ind2=" ">
      <marc:subfield code="a">Lévesque, Hélène, </marc:subfield>
      <marc:subfield code="d">1958-</marc:subfield>
    </marc:datafield>
    <marc:datafield tag="245" ind1="1" ind2="0">
      <marc:subfield code="a">Prises d'oiseaux migrateurs au Canada pendant les saisons de chasse de 1991, de 1992 et de 1993 </marc:subfield>
      <marc:subfield code="h">[ressource électronique] / </marc:subfield>
      <marc:subfield code="c">Hélène Lévesque et Brian Collins. </marc:subfield>
    </marc:datafield>
    <marc:datafield tag="260" ind1=" " ind2=" ">
      <marc:subfield code="a">Ottawa : </marc:subfield>
      <marc:subfield code="b">Environnement Canada, </marc:subfield>
      <marc:subfield code="c">1999.</marc:subfield>
    </marc:datafield>
    <marc:datafield tag="300" ind1=" " ind2=" ">
      <marc:subfield code="a">4, 20 p. : </marc:subfield>
      <marc:subfield code="b">graphique, carte</marc:subfield>
    </marc:datafield>
    <marc:datafield tag="490" ind1="1" ind2=" ">
      <marc:subfield code="a">Cahier de biologie ; </marc:subfield>
      <marc:subfield code="v">n° 214</marc:subfield>
    </marc:datafield>
    <marc:datafield tag="500" ind1=" " ind2=" ">
      <marc:subfield code="a">Défectueux: certaines pages manquent en partie 2 et en rapport complet.</marc:subfield>
    </marc:datafield>
    <marc:datafield tag="590" ind1=" " ind2=" ">
      <marc:subfield code="a">12-04-Supp</marc:subfield>
      <marc:subfield code="b">2012-02-20</marc:subfield>
    </marc:datafield>
    <marc:datafield tag="691" ind1="0" ind2="7">
      <marc:subfield code="a">Chasse sportive</marc:subfield>
      <marc:subfield code="2">gcpds</marc:subfield>
    </marc:datafield>
    <marc:datafield tag="691" ind1="0" ind2="7">
      <marc:subfield code="a">Oiseau migrateur</marc:subfield>
      <marc:subfield code="2">gcpds</marc:subfield>
    </marc:datafield>
    <marc:datafield tag="700" ind1="1" ind2=" ">
      <marc:subfield code="a">Collins, B. T., </marc:subfield>
      <marc:subfield code="d">1949-</marc:subfield>
    </marc:datafield>
    <marc:datafield tag="710" ind1="2" ind2=" ">
      <marc:subfield code="a">Service canadien de la faune.</marc:subfield>
    </marc:datafield>
    <marc:datafield tag="775" ind1="0" ind2="8">
      <marc:subfield code="t">Migratory game birds harvested in Canada during the 1991, 1992, and 1993 hunting seasons </marc:subfield>
      <marc:subfield code="w">(CaOODSP)9.571436</marc:subfield>
    </marc:datafield>
    <marc:datafield tag="776" ind1="0" ind2="#">
      <marc:subfield code="t">Prises d'oiseaux migrateurs au Canada pendant les saisons de chasse de 1991, de 1992 et de 1993 / </marc:subfield>
      <marc:subfield code="w">(CaOODSP)9.625107</marc:subfield>
    </marc:datafield>
    <marc:datafield tag="830" ind1="#" ind2="0">
      <marc:subfield code="a">Cahier de biologie ;</marc:subfield>
      <marc:subfield code="v">n° 214</marc:subfield>
      <marc:subfield code="w">(CaOODSP)9.500859</marc:subfield>
    </marc:datafield>
    <marc:datafield tag="856" ind1="4" ind2="0">
      <marc:subfield code="a">http://publications.gc.ca</marc:subfield>
      <marc:subfield code="q">PDF</marc:subfield>
      <marc:subfield code="s">138 Ko</marc:subfield>
      <marc:subfield code="u">https://publications.gc.ca/collections/Collection/CW69-9-214F-2.pdf</marc:subfield>
      <marc:subfield code="z">Partie 2</marc:subfield>
    </marc:datafield>
    <marc:datafield tag="856" ind1="4" ind2="0">
      <marc:subfield code="a">http://publications.gc.ca</marc:subfield>
      <marc:subfield code="q">PDF</marc:subfield>
      <marc:subfield code="s">572 Ko</marc:subfield>
      <marc:subfield code="u">https://publications.gc.ca/collections/Collection/CW69-9-214F-1.pdf</marc:subfield>
      <marc:subfield code="y">N° 214</marc:subfield>
      <marc:subfield code="z">Partie 1</marc:subfield>
    </marc:datafield>
    <marc:datafield tag="856" ind1="4" ind2="0">
      <marc:subfield code="q">PDF</marc:subfield>
      <marc:subfield code="s">579 Ko</marc:subfield>
      <marc:subfield code="u">https://publications.gc.ca/collections/collection_2018/eccc/CW69-9-214-fra.pdf</marc:subfield>
      <marc:subfield code="z">Rapport complet</marc:subfield>
    </marc:datafield>
  </marc:record>
</marc:collection>
